000 00502nam a2200169 4500
001 144069
003 ES-MaACL
005 20230906200933.0
007 t|
008 070214s1959 sp r ||||1| spa d
100 1 _aShulman, Max.
_9106174
245 1 3 _aUn casado en apuros
_b: novela /
_cMax Shulman ; traducción de J. Romero de Tejada.
260 _aBarcelona :
_bPlaneta,
_c1959.
300 _a279 p. ;
_c19 cm.
700 1 _aRomero de Tejada, J.
_999376
852 _aES-MaACL
_jC-17142
_bR.45404
999 _c144069
_d144069